000 00488nam a2200181Ia 4500
001 18454
005 20260306171632.0
008 260306s9999||||xx |||||||||||||| ||und||
041 _aESP
082 _a658.405
_bA46
100 _aAltschul, Carlos
_eAUT
245 0 _aConstruir tratos:
_bCómo la negociación estratégica supera las diferencias de cultura y de poder
260 _c2009
300 _a327 páginas :
_c
650 _aGEN
654 _aCAN
942 _cLIB
_dJUS
_fJUS
_2ddc
_n
999 _c18454
_d18454